[Event "GER-ch U25-B"]
[Site "Willingen"]
[Date "2019.06.15"]
[Round "9"]
[White "Naumenko, Valerija"]
[Black "Lange, Malina"]
[Result "0-1"]
[WhiteElo "1606"]
[BlackElo "1562"]
[PlyCount "40"]
[EventDate "2019.06.08"]
[EventType "swiss"]
[EventRounds "9"]
[EventCountry "GER"]
[SourceTitle "EXT 2020"]
[Source "ChessBase"]
[SourceDate "2019.10.17"]
[SourceVersion "1"]
[SourceVersionDate "2019.10.17"]
[SourceQuality "1"]

1. e4 e5 2. Nf3 Nc6 3. Bc4 Bc5 4. c3 Nf6 5. d3 d6 6. h3 a6 7. Bb3 Ba7 8. a4 0-0 9. 0-0 h6 10. Nbd2 Be6 11. Bxe6 fxe6 12. b4 b5 13. Qb3 d5 14. Re1 Qd6 15. axb5 axb5 16. Ra6 Bxf2+ 17. Kxf2 Rxa6 18. d4 dxe4 19. Nxe4 Nxe4+ 20. Rxe4 Qd5 0-1

[Event "GER-ch U25-B"]
[Site "Willingen"]
[Date "2019.06.12"]
[Round "6"]
[White "Reuter, Marek1111"]
[Black "Lange, Malina"]
[Result "0-1"]
[WhiteElo "1553"]
[BlackElo "1562"]
[PlyCount "48"]
[EventDate "2019.06.08"]
[EventType "swiss"]
[EventRounds "9"]
[EventCountry "GER"]
[SourceTitle "CBM 191 Extra"]
[Source "ChessBase"]
[SourceDate "2019.09.30"]
[SourceVersion "1"]
[SourceVersionDate "2019.09.30"]
[SourceQuality "1"]

1. e4 e5 2. Bc4 Nc6 3. Nf3 Bc5 4. c3 Nf6 5. d4 exd4 6. cxd4 Bb4+ 7. Bd2 Bxd2+ 8. Nbxd2 d5 9. exd5 Nxd5 10. 0-0 0-0 11. Rc1 Bg4 12. h3 Bh5 13. Bxd5 Qxd5 14. Rc5 Bxf3 15. Nxf3 Qxa2 16. d5 Rfd8 17. dxc6 Rxd1 18. cxb7 Rxf1+ 19. Kh2 Rb8 20. Rxc7 Qe6 21. g3 Rxf2+ 22. Kg1 Rxf3 23. Rc2 Qe1+ 24. Kg2 Qxg3+ 0-1

[Event "GER-ch U25-B"]
[Site "Willingen"]
[Date "2019.06.09"]
[Round "1"]
[White "Lange, Malina"]
[Black "Keck, Johannes"]
[Result "1-0"]
[WhiteElo "1562"]
[BlackElo "1402"]
[PlyCount "65"]
[EventDate "2019.06.08"]
[EventType "swiss"]
[EventRounds "9"]
[EventCountry "GER"]
[SourceTitle "CBM 191 Extra"]
[Source "ChessBase"]
[SourceDate "2019.09.30"]
[SourceVersion "1"]
[SourceVersionDate "2019.09.30"]
[SourceQuality "1"]

1. e4 e6 2. d4 d5 3. Nd2 Nf6 4. e5 Nfd7 5. Bd3 c5 6. c3 Nc6 7. Ne2 Qb6 8. Nf3 Be7 9. 0-0 cxd4 10. cxd4 0-0 11. Qc2 Nb4 12. Bxh7+ Kh8 13. Qb1 Qb5 14. Nc3 Qc4 15. a3 Nc6 16. Bd3 Qb3 17. Bb5 Nb6 18. Nd2 Qxb5 19. Nxb5 a6 20. Nc3 Nxd4 21. Qd3 Nf5 22. Qh3+ Kg8 23. Nf3 Nd7 24. Nxd5 exd5 25. Qxf5 Nc5 26. Qh5 Be6 27. Bg5 Bxg5 28. Nxg5 Rfc8 29. Qh7+ Kf8 30. Qh8+ Ke7 31. Qxg7 Rg8 32. Qf6+ Kf8 33. Rac1 1-0

[Event "GER-ch U25-B"]
[Site "Willingen"]
[Date "2018.05.20"]
[Round "2"]
[White "Lange, Malina"]
[Black "Bilecen, Simon"]
[Result "0-1"]
[WhiteElo "1439"]
[BlackElo "1666"]
[PlyCount "132"]
[EventDate "2018.05.19"]
[EventType "swiss"]
[EventRounds "9"]
[EventCountry "GER"]
[SourceTitle "CBM 184 Extra"]
[Source "ChessBase"]
[SourceDate "2018.06.28"]
[SourceVersion "1"]
[SourceVersionDate "2018.06.28"]
[SourceQuality "1"]

1. e4 c5 2. Nf3 Nc6 3. d4 cxd4 4. Nxd4 Qb6 5. Nb3 Nf6 6. Nc3 e6 7. Bd3 Bb4 8. Bd2 0-0 9. a3 Be7 10. 0-0 d5 11. Be3 Qd8 12. Re1 d4 13. e5 dxe3 14. exf6 exf2+ 15. Kxf2 Bxf6 16. Qd2 Bg5 17. Qe2 Nd4 18. Qe4 Nf5 19. g4 Bh4+ 20. Kf1 Bxe1 21. Rxe1 Qg5 22. gxf5 exf5 23. Qe5 Qg4 24. Be2 Qh3+ 25. Kg1 Bd7 26. Nd5 Rfe8 27. Qd6 Bc6 28. Qc5 Rad8 29. c4 Qxb3 30. Ne7+ Kh8 31. Nxc6 bxc6 32. Qxc6 Qxb2 33. Qf3 Qd4+ 34. Kf1 Qe4 35. Qg3 Qe5 36. Qf2 Qe4 37. Qg3 f4 38. Qh3 Rd2 39. Qh5 g6 40. Qg4 h5 41. Qf3 Qxf3+ 42. Bxf3 Rxe1+ 43. Kxe1 Rxh2 44. c5 Rc2 45. c6 Kg7 46. Kd1 Rc5 47. Kd2 Kf6 48. Kd3 Ke5 49. Bg2 g5 50. a4 a5 51. Bf3 g4 52. Bg2 f3 53. Bf1 Rxc6 54. Ke3 Rc2 55. Bd3 Rc3 56. Kd2 Rxd3+ 57. Kxd3 g3 58. Ke3 f2 59. Ke2 h4 60. Kf1 h3 61. Ke2 h2 62. Kd3 f1Q+ 63. Kc3 h1R 64. Kb3 Qd3+ 65. Kb2 Rb1+ 66. Ka2 Qb3# 0-1

[Event "Berlin Lichtenberger op 16th"]
[Site "Berlin"]
[Date "2017.08.27"]
[Round "9"]
[White "Lange, Malina"]
[Black "Fontaine, Constantin"]
[Result "1-0"]
[WhiteElo "1579"]
[BlackElo "1519"]
[PlyCount "83"]
[EventDate "2017.08.19"]
[EventType "swiss"]
[EventRounds "9"]
[EventCountry "GER"]
[SourceTitle "CBM 180 Extra"]
[Source "ChessBase"]
[SourceDate "2017.10.06"]
[SourceVersion "1"]
[SourceVersionDate "2017.10.06"]
[SourceQuality "1"]

1. e4 e5 2. Nf3 Nf6 3. Nc3 Bb4 4. Nxe5 Bxc3 5. dxc3 d6 6. Nf3 Nxe4 7. Bc4 0-0 8. 0-0 Bf5 9. Re1 Nc6 10. Bd3 Re8 11. Nd2 Nxf2 12. Rxe8+ Qxe8 13. Kxf2 Bxd3 14. cxd3 Ne5 15. Qe2 Qc6 16. Qe4 Qb6+ 17. d4 f5 18. Qd5+ Kh8 19. Kf1 Ng4 20. Nb3 Nxh2+ 21. Kg1 Ng4 22. Qxf5 Nf6 23. Bg5 Nh5 24. Bh4 g6 25. Qf7 c5 26. dxc5 dxc5 27. Kh1 c4 28. Qxc4 Rf8 29. Qd4+ Qxd4 30. Nxd4 Rf4 31. Nf3 h6 32. Kh2 g5 33. Bg3 Rg4 34. Be5+ Kh7 35. Rd1 Re4 36. Rd7+ Kg6 37. Rxb7 g4 38. Nh4+ Kg5 39. Bc7 Kxh4 40. Bd8+ Nf6 41. Bxf6+ Kh5 42. Rxa7 1-0